| 000 | 00531nam a22001817a 4500 | ||
|---|---|---|---|
| 005 | 20251108164319.0 | ||
| 008 | 250721s1993 xx 000 0 ara d | ||
| 082 | 1 | 4 | _a418.1/عمر |
| 100 | 1 | _aالطباع، عمر فاروق | |
| 245 | 1 | 0 | _aالوسيط في قواعد الإملاء و الإنشاء / |
| 264 | 1 |
_aبيروت : _bمكتبة المعارف، _c1993. |
|
| 300 | _a335ص | ||
| 650 | 1 | 7 | _aاللغة العربية |
| 650 | 1 | 7 | _aالإملاء |
| 650 | 1 | 7 | _aالتعبير |
| 942 |
_2ddc _cBK |
||
| 999 |
_c9080 _d9080 |
||